Thank You Father Kim Il Sung : Eyewitness Accounts of Severe Violations of Freedom of Thought, Conscience, and Religion in North Korea.

Bibliographic Details
Corporate Authors: United States Commission on International Religious Freedom, ProQuest (Firm)
Format: eBook
Language:English
Published: [Washington] : [U.S. G.P.O.], 2005.
Series:U.S. Congressional Research.
Subjects:
Online Access:Connect to the full text of this electronic book

MARC

Tag First Indicator Second Indicator Subfields
LEADER 00000cam a22000001a 4500
001 in00003344821
006 m d f
007 cr bn mmmapmmp
008 110210s2005 dcu o f000 0 eng d
005 20260430214418.4
035 |a cis2007803300 
040 |a ProQuest  |c ProQuest  |d UtOrBLW 
043 |a n-us--- 
099 |a CMP-2005-CIR-0009 
110 2 |a United States Commission on International Religious Freedom. 
245 1 0 |a Thank You Father Kim Il Sung :  |b Eyewitness Accounts of Severe Violations of Freedom of Thought, Conscience, and Religion in North Korea. 
264 1 |a [Washington] :  |b [U.S. G.P.O.],  |c 2005. 
300 |a 1 online resource. 
336 |a text  |b txt  |2 rdacontent 
337 |a computer  |b c  |2 rdamedia 
338 |a online resource  |b cr  |2 rdacarrier 
500 |a Record is based on bibliographic data in ProQuest U.S. Congressional Research Digital Collection. Reuse except for individual research requires license from ProQuest, LLC. 
500 |a Electronic resource. 
650 0 |a Human rights  |z Korea (North) 
650 0 |a Freedom of religion  |z Korea (North) 
655 7 |a Electronic books.  |2 local 
710 2 |a ProQuest (Firm) 
776 0 8 |i Print version:   |a United States Commission on International Religious Freedom.  |t Thank You Father Kim Il Sung 
776 0 8 |i Microfiche version:   |a United States Commission on International Religious Freedom.  |t Thank You Father Kim Il Sung.  |d [Bethesda, Md.] : ProQuest,[2004]  |o CIS 2007 J892-13  |w (ProQuest)cis00701777 
830 0 |a U.S. Congressional Research. 
856 4 0 |u http://proxy.library.tamu.edu/login?url=https://congressional.proquest.com/congcomp/getdoc?CRDC-ID=CMP-2005-CIR-0009  |z Connect to the full text of this electronic book  |t 0 
998 |a cis00701777 
999 |a MARS 
999 f f |s e357198d-9678-3cd9-8fb7-eb1b9c6dda74  |i c7529886-6743-30c9-b742-3ff8f3adc180  |t 0 
952 f f |a Texas A&M University  |b College Station  |c Electronic Resources  |s www_evans  |d Available Online  |t 0  |e CMP-2005-CIR-0009  |h Other scheme 
998 f f |a CMP-2005-CIR-0009  |t 0  |l Available Online